Vainqueurs en Formule 1 - saison 2021. - Statistiques

Statistiques générales
  • Ce quiz a été pris 2 395 fois
    1 917 depuis la dernière actualisation
  • Le résultat moyen est 6 sur 6
Statistiques - réponses
Victoires Pilotes Écuries % Correct
10 Max Verstappen Red Bull
100%
8 Lewis Hamilton Mercedes
100%
1 Esteban Ocon Alpine
97%
1 Sergio Perez Red Bull
97%
1 Valtteri Bottas Mercedes
93%
1 Daniel Ricciardo McLaren
90%
Aucun quiz correspondant
Distribution des résultats
% des personnes avec chaque résultat
Percentile par nombre de réponses
Votre historique - résultats
Vous n’avez pas pris ce quiz depuis la dernière actualisation